|
|
|
|
| LEADER |
04243nam a2200577 4500 |
| 001 |
978-3-030-13283-5 |
| 003 |
DE-He213 |
| 005 |
20191028091738.0 |
| 007 |
cr nn 008mamaa |
| 008 |
190209s2019 gw | s |||| 0|eng d |
| 020 |
|
|
|a 9783030132835
|9 978-3-030-13283-5
|
| 024 |
7 |
|
|a 10.1007/978-3-030-13283-5
|2 doi
|
| 040 |
|
|
|d GrThAP
|
| 050 |
|
4 |
|a QA76.9.C66
|
| 072 |
|
7 |
|a UBJ
|2 bicssc
|
| 072 |
|
7 |
|a COM079000
|2 bisacsh
|
| 072 |
|
7 |
|a UBJ
|2 thema
|
| 082 |
0 |
4 |
|a 004
|2 23
|
| 245 |
1 |
0 |
|a Electronic Governance and Open Society: Challenges in Eurasia
|h [electronic resource] :
|b 5th International Conference, EGOSE 2018, St. Petersburg, Russia, November 14-16, 2018, Revised Selected Papers /
|c edited by Andrei Chugunov, Yuri Misnikov, Evgeny Roshchin, Dmitrii Trutnev.
|
| 250 |
|
|
|a 1st ed. 2019.
|
| 264 |
|
1 |
|a Cham :
|b Springer International Publishing :
|b Imprint: Springer,
|c 2019.
|
| 300 |
|
|
|a XVI, 494 p. 146 illus., 101 illus. in color.
|b online resource.
|
| 336 |
|
|
|a text
|b txt
|2 rdacontent
|
| 337 |
|
|
|a computer
|b c
|2 rdamedia
|
| 338 |
|
|
|a online resource
|b cr
|2 rdacarrier
|
| 347 |
|
|
|a text file
|b PDF
|2 rda
|
| 490 |
1 |
|
|a Communications in Computer and Information Science,
|x 1865-0929 ;
|v 947
|
| 505 |
0 |
|
|a Smart City Infrastructure, Policy -- Digital Privacy, Rights, Security -- Data Science, Machine Learning, Algorithms, Computational Linguistics -- Digital Public Administration, Economy, Policy -- Digital Services, Values, Inclusion -- Digital Democracy, Participation, Security, Communities, Social Media, Activism -- Social Media Discourse Analysis -- Digital Data, Policy Modeling -- Digital Government, Administration, Communication.
|
| 520 |
|
|
|a This book constitutes the refereed proceedings of the 5th Conference on AElectronic Governance and Open Society: Challenges in Eurasia, EGOSE 2018, held in St. Petersburg, Russia, in November 2018. The 36 revised full papers were carefully reviewed and selected from 98 submissions. The papers are organized in topical sections on smart city infrastructure, policy; digital privacy, rights,security;data science, machine learning, algorithms, computational linguistics; digital public administration, economy, policy; digital services, values, inclusion; digital democracy, participation, security, communities, social media, activism; social media discourse analysis; digital data, policy modeling; digital government, administration, communication.
|
| 650 |
|
0 |
|a Computers and civilization.
|
| 650 |
|
0 |
|a Application software.
|
| 650 |
|
0 |
|a Coding theory.
|
| 650 |
|
0 |
|a Information theory.
|
| 650 |
|
0 |
|a E-commerce.
|
| 650 |
1 |
4 |
|a Computers and Society.
|0 http://scigraph.springernature.com/things/product-market-codes/I24040
|
| 650 |
2 |
4 |
|a Information Systems Applications (incl. Internet).
|0 http://scigraph.springernature.com/things/product-market-codes/I18040
|
| 650 |
2 |
4 |
|a Coding and Information Theory.
|0 http://scigraph.springernature.com/things/product-market-codes/I15041
|
| 650 |
2 |
4 |
|a e-Commerce/e-business.
|0 http://scigraph.springernature.com/things/product-market-codes/I26000
|
| 650 |
2 |
4 |
|a Computer Appl. in Social and Behavioral Sciences.
|0 http://scigraph.springernature.com/things/product-market-codes/I23028
|
| 700 |
1 |
|
|a Chugunov, Andrei.
|e editor.
|0 (orcid)0000-0001-5911-529X
|1 https://orcid.org/0000-0001-5911-529X
|4 edt
|4 http://id.loc.gov/vocabulary/relators/edt
|
| 700 |
1 |
|
|a Misnikov, Yuri.
|e editor.
|0 (orcid)0000-0002-1948-619X
|1 https://orcid.org/0000-0002-1948-619X
|4 edt
|4 http://id.loc.gov/vocabulary/relators/edt
|
| 700 |
1 |
|
|a Roshchin, Evgeny.
|e editor.
|0 (orcid)0000-0002-5481-8348
|1 https://orcid.org/0000-0002-5481-8348
|4 edt
|4 http://id.loc.gov/vocabulary/relators/edt
|
| 700 |
1 |
|
|a Trutnev, Dmitrii.
|e editor.
|0 (orcid)0000-0001-6230-0752
|1 https://orcid.org/0000-0001-6230-0752
|4 edt
|4 http://id.loc.gov/vocabulary/relators/edt
|
| 710 |
2 |
|
|a SpringerLink (Online service)
|
| 773 |
0 |
|
|t Springer eBooks
|
| 776 |
0 |
8 |
|i Printed edition:
|z 9783030132828
|
| 776 |
0 |
8 |
|i Printed edition:
|z 9783030132842
|
| 830 |
|
0 |
|a Communications in Computer and Information Science,
|x 1865-0929 ;
|v 947
|
| 856 |
4 |
0 |
|u https://doi.org/10.1007/978-3-030-13283-5
|z Full Text via HEAL-Link
|
| 912 |
|
|
|a ZDB-2-SCS
|
| 950 |
|
|
|a Computer Science (Springer-11645)
|